Wrong spelling wrong - Statistics

General Stats
  • This quiz has been taken 30 times
    17 since last reset
  • The average score is 7 of 22
Answers on the Grid
Answers color-coded by a green-red scale on the quiz's grid according to % correct below.
Philantrophist
Fuschia
Brocolli
Cemetery
Mispell
Embarassing
Consciencious
Pharoah
Aqcuaintance
Bourgeoisie
Bureaucracy
Onomatopeia
Denouement
Pauciloquy
Accompany
Exaggeration
Choreographer
Etiquette
Juxtapose
Squirrel
Necessary
Unbeknownst
Extemporaneous
Lieutenant
Accommodation
Sacrilegious
Flibbertigibbet
Psychiatrist
Diaphragm
Chaffeur
Pseudonym
Occasion
 
Answer Stats
Answer % Correct
Cemetery
60%
Accompany
50%
Lieutenant
50%
Occasion
50%
Pseudonym
50%
Choreographer
40%
Exaggeration
40%
Psychiatrist
40%
Squirrel
40%
Unbeknownst
40%
Accommodation
30%
Bureaucracy
30%
Diaphragm
30%
Necessary
30%
Sacrilegious
30%
Bourgeoisie
20%
Etiquette
20%
Juxtapose
20%
Denouement
10%
Extemporaneous
10%
Flibbertigibbet
10%
Pauciloquy
0%
No matching quizzes found
Score Distribution
Percent of People with Each Score
Percentile by Number Answered
Your Score History
You have not taken this quiz since the last reset